000 00869cam a2200229 4500
001 WB3712-10
008 000000n2001 000 0 eng u
035 _a(Sirsi) u111516
245 _aPaddington to challenge Canary Wharf
260 _c2001
490 _aSunday Times
_v18 March 2001, 11(2)
520 _aPaddington and Canary Wharf are set to battle for supremacy as London's most prestigious address. Whilst Canary Wharf is both larger and more established as a business location the new development at Paddington will benefit from better transport links and has signed up its first big name occupier, Orange.
590 _aWB
650 _aCANARY WHARF
650 _aCOMMERCIAL SECTOR
650 _aOFFICE SPACE
650 _aOFFICES
650 _aPADDINGTON
650 _aPREMIER LOCATIONS
690 _aPROPERTY-COMMERCIAL PROPERTY
942 _n0
999 _c66456
_d66456